Score 0/21 Timer 07:00
0 Plays Today
Real Name Stage Name % Correct
John BongioviJon Bon Jovi
77.7%
Norma Jeane BakerMarilyn Monroe
77.7%
Stefani GermanottaLady Gaga
75.2%
Alecia MooreP!nk
64.9%
Reginald DwightElton John
62.4%
Cherilyn SarkisianCher
52%
Gordon SumnerSting
48.5%
Marion MorrisonJohn Wayne
44.1%
Natalie HershlagNatalie Portman
36.6%
Katheryn HudsonKaty Perry
34.7%
Georgios Kyriacos PanayiotouGeorge Michael
34.7%
Real Name Stage Name % Correct
Frances GummJudy Garland
34.2%
Shirley SchriftShelley Winters
33.3%
Archibald LeachCary Grant
33.2%
Maurice MicklewhiteMichael Caine
24.3%
Declan MacManusElvis Costello
20.3%
Troyal BrooksGarth Brooks
14.9%
Eilleen EdwardsShania Twain
12.9%
Joan MolinskyJoan Rivers
12.9%
Christina CiminellaWynonna Judd
10.9%
Barbara Jean HuffmanBarbara Eden
7.4%
Come Together.
Have Fun.
All Virtual.
We all need to come together. Play Sporcle's virtual live trivia to have fun, connect with people, and get your trivia on. Join a live hosted trivia game for your favorite pub trivia experience done virtually. If a virtual private party is more your thing, go here for details.

You're not logged in!

Compare scores with friends on all Sporcle quizzes.
OR
Log In

Sporcle TV

Today on Sporcle TV


Watch our educational content, quiz creation guides, and fun videos on Sporcle TV.

Show Comments

Extras

Created Feb 19, 2011ReportNominate
Tags:Celebrity Quiz, Real Names, stage

Top Quizzes Today


Score Distribution

Paid Content

Your Account Isn't Verified!

In order to create a playlist on Sporcle, you need to verify the email address you used during registration. Go to your Sporcle Settings to finish the process.

Report this User

Report this user for behavior that violates our Community Guidelines.

Details: